000 00603nam a22002057a 4500
999 _c17663
_d17663
003 AR-CdUCM
008 190509b ||||| |||| 00| 0 spa d
040 _aMUNICIPALIDAD PROVINCIAL DEL CUSCO
_cBIBLIOTECA MUNICIPAL DEL CUSCO
082 _a868.6 /
_bM26
100 _aMaraƱon, G.
_920717
245 _aSocialismo , inteligencia, civilidad /
260 _aSantiago :
_bCultura casilla,
300 _a77 paginas ;
_c19 cm.
500 _aSocialismo
650 _aSocialismo
_91037
650 _aInteligencia
_91764
650 _aCivilidad
_937798
942 _2ddc
_cLIBROS
945 _apjha
_d2019-05-09